000 00638nam a2200277Ia 4500
005 20260324134842.0
008 008 260324s9999 xx 000 0 eng d
020 _a9781315841816
037 _aEBOOK
040 _aCRL
040 _beng
040 _cCRL
041 _2eng
041 _aeng
084 _qCRL
100 _aPhilip G. Dwyer
_91196012
245 0 _aModern Prussian History: 1830-1947
260 _bTaylor and Francis
260 _c2001
365 _a
365 _b300
856 _uhttp://www.taylorfrancis.com/books/9781315841816
942 _cEBOOK
999 _c1798878
_d1798878